00875cam a22002177a 4500003000500000005001700005008004100022010001000063011001000073020001500083035001000098040000900108082001600117110009400133245024900227260008200476300001100558650002800569650004000597650002000637CHAP20220817043705.0000724d1999 cr r 00110 esp d a81820 a82792 a996882500X a93295 cCHAP04a333.72bU562 aUnión Internacional para la Conservación de la Naturaleza y de los Recursos Naturales10aLista de fauna de importancia para la conservación en Centroamérica y México :blistas rojas, listas oficiales y especies en apéndices CITESc/por Unión Internacional para la Conservación de la Naturaleza y de los Recursos Naturales aSan José, C.R. :bFondo Mundial para la Naturaleza. Centroamérica,c1999. a224 p.14aDesarrollo sustentable.14aRecursos naturalesxConservación.14aVida silvestre.